Systema Helminthum :

Đã lưu trong:
书目详细资料
主要作者: Yamaguti, Satyu
格式: 图书
语言:Undetermined
出版: Tokyo Aid of Japanese Government Grant 1953
主题:
标签: 添加标签
没有标签, 成为第一个标记此记录!
Thư viện lưu trữ: Trung tâm Học liệu Trường Đại học Cần Thơ
LEADER 00506nam a2200193Ia 4500
001 CTU_21889
008 210402s9999 xx 000 0 und d
082 |a 639.7 
082 |b Y16/P.1 
100 |a Yamaguti, Satyu 
245 0 |a Systema Helminthum : 
245 0 |c Satyu Yamaguti 
260 |a Tokyo 
260 |b Aid of Japanese Government Grant 
260 |c 1953 
650 |a Fish-culture,Fishes 
650 |x Parasites 
904 |i Giang 
980 |a Trung tâm Học liệu Trường Đại học Cần Thơ